Capitales mondiales par une seule indice #1 - Statistiques

Statistiques générales
  • Ce quiz a été pris 194 fois
  • Le résultat moyen est 8 sur 20
Statistiques - réponses
indice capitale % Correct
les villes de Pest et Buda ont été fusionnées en 1873 pour créer cette Budapest
81%
capitale sud-américaine la plus proche de l'équateur Quito
72%
a été déplacé ici d'Auckland en 1865 Wellington
72%
la capitale la plus éloignée d'Europe de Moscou Lisbonne
65%
le plus proche de Dakar Banjul
54%
l'homonyme de Dakar Dacca
54%
capital judiciaire d'Afrique du Sud Bloemfontein
53%
était Edo jusqu'en 1868 Tokyo
53%
Bandar _____ _______ Seri Begawan
49%
sur la rivière Vístule (également appelée Wisła) Varsovie
45%
rebaptisé en 1812 en l'honneur du roi britannique Georgetown
38%
le plus haut d'Asie Thimphou
34%
le deuxième le plus peuplé Jakarta
26%
en fait appelé Nuestra Señora Santa María de la ________ Asunción
22%
son immense place centrale s'appelle Zócalo Mexico
19%
capitale de 4 lettres qui n'a que 3 lettres en allemand Rome (Rom)
18%
en dehors d'Amsterdam, la seule capitale au-dessous du niveau de la mer Bakou
13%
sur New Providence, l'une des plus de 700 îles de cette nation Nassau
13%
renommé en 1998 à «la capitale» dans sa propre langue asiatique Astana
12%
le point culminant du pays, Monte Titano, se situe dans cette capitale Saint-Marin
10%
Aucun quiz correspondant
Distribution des résultats
% des personnes avec chaque résultat
Percentile par nombre de réponses
Votre historique - résultats
Vous n’avez pas pris ce quiz